Modelovanie vývoja objemu úverov využitím ekonometrických metód bakalárska práca

Enregistré dans:
Détails bibliographiques
Auteur principal: Mlynár, Matúš
Collectivité auteur: Fakulta hospodárskej informatiky EU. Katedra operačného výskumu a ekonometrie
Autres auteurs: Lukáčiková, Adriana, 1971-
Format: Livre
Langue:slovaque
Publié: Bratislava 2021
Tags: Ajouter un tag
Pas de tags, Soyez le premier à ajouter un tag!

MARC

LEADER 00000nbm a2200000 4500
001 0276369
005 20220316085056.0
041 0 |a slo 
044 |a SK 
245 1 0 |a Modelovanie vývoja objemu úverov využitím ekonometrických metód  |b bakalárska práca  |c Matúš Mlynár ; školiteľ: Adriana Lukáčiková 
264 1 |a Bratislava  |c 2021 
300 |a 58 s. 
100 1 |a Mlynár, Matúš 
700 1 |a Lukáčiková, Adriana, 1971- 
710 2 |a Fakulta hospodárskej informatiky EU. Katedra operačného výskumu a ekonometrie